Nostalgia - Rod Wave - Statistics

General Stats
  • This quiz has been taken 14 times
  • The average score is 8 of 18
Answer Stats
Songs Plays Artist(s) % Correct
Nostalgia 34,221,945 Rod Wave, Wet
79%
Turks & Caicos 152,837,852 Rod Wave, 21 Savage
71%
Great Gatsby 136,394,061 Rod Wave
64%
2018 46,759,242 Rod Wave, Sadie Jean
57%
Fight The Feeling 126,605,578 Rod Wave
57%
Boyz Don't Cry 117,212,421 Rod Wave
50%
Back Lit 21,725,992 Rod Wave
43%
Call Your Friends 79,148,456 Rod Wave
43%
Come See Me 43,559,791 Rod Wave
43%
Crazy 23,910,615 Rod Wave
43%
Love For A Thug 23,210,250 Rod Wave
43%
Checkmate 26,751,879 Rod Wave
36%
HG4 44,066,791 Rod Wave
36%
Love Story/Interlude 22,355,348 Rod Wave
36%
Keep It G 20,233,396 Rod Wave
29%
Long Journey 44,781,069 Rod Wave
29%
Pass You By 16,357,470 Rod Wave
29%
Rap Beef 14,867,878 Rod Wave
29%
No matching quizzes found
Score Distribution
Percent of People with Each Score
Percentile by Number Answered
Your Score History
You have not taken this quiz